000
00307nam a22001337a 4500
008
260211b ||||| |||| 00| 0 eng d
020
_a
9788846838919
041
_a
eng
080
_a
001
100
_a
20
101
_a
ital
245
_a
IL DIARIO SEFRETO DI LEOARDO
_c
ROBERTO MELEHIORRE
942
_2
lcc
_c
BK
999
_c
60765
_d
60765